000 00962nam a2200241Ia 4500
999 _c41547
_d41547
001 8215
003 GE_BSU
005 20240415174650.0
008 181216s2013||||ge |||||||||||||| ||geo||
020 _a9789994021819
040 _cGE_BSU
041 _ageo
080 _a338.22(075.8) მ-25
100 _aმამულაძე, რომან
_97235
245 _aლოჯისტიკა /
_cრომან მამულაძე, მერი გაბაიძე.
264 _aბათუმი :
_bგამომცემლობა აჭარა,
_c2013.
300 _a523 გვ. ;
_c21სმ.
546 _aთავფურცელი მე-3 გვ. ინგლისურ ენაზე
653 _aლოჯისტიკა
700 _aგაბაიძე, მერი
_eავტორი
_921800
700 _a აბრალავა, ანზორ
_eრედაქტორი
_921801
942 _cBK
_2udc